One Piece par la lettre O - Statistiques

Statistiques générales
  • Ce quiz a été pris 169 fois
  • Le résultat moyen est 10 sur 15
Statistiques - réponses
Indice Réponse % Correct
Poulpe Octo
95%
A été dans l'équipage de Roger et Barbe blanche Oden
92%
Ile de résidence de Kaido Onigashima
89%
A possédé l'ombre de Luffy Oz
88%
Shogun de Wano pendant 20 ans Orochi
79%
Navire de Roger Oro Jackson
78%
Reine de l'île des hommes-poissons Otohime
76%
Membre de l'équipage du capitaine Usopp Oignon
74%
Archéologue d'Ohara Olvia
71%
Fils de Big Mom, fruit de la crème Opera
62%
4ème prélat d'Ener Ohm
57%
Géant sur Enies Lobby Oimo
52%
Renard qui protège des sabres Onimaru
26%
L'aventurier au massacre imaginaire Orlumbus
10%
Ancien boss yakuza de la région d'Udon Omasa
8%
Aucun quiz correspondant
Distribution des résultats
% des personnes avec chaque résultat
Percentile par nombre de réponses
Votre historique - résultats
Vous n’avez pas pris ce quiz